| 000 | 01051nam a2200313Ia 4500 | ||
|---|---|---|---|
| 001 | dia_2845 | ||
| 003 | CHAP | ||
| 005 | 20230608134941.0 | ||
| 008 | 220117s2003 xx 000 0 und d | ||
| 010 | _a176970 | ||
| 020 | _a978-0-521-89108-0 | ||
| 040 | _cCHAP | ||
| 082 | _a577.0727 L47 2003 | ||
| 100 |
_aLeps, Jan _9159831 |
||
| 245 |
_aMultivariate analysis of ecological data using CANOCO / _c Jan Leps y Petr Smilauer |
||
| 260 |
_aEstados Unidos de América : _b Cambridge, UK ; New York :, _b Cambridge University Press, _c2003 |
||
| 300 | _axi, 269 p. | ||
| 504 | _aBibliografía: p. 262-266 | ||
| 590 | _aQH541.15.S72 L47 2003 | ||
| 650 |
_aAnálisis multivariado _95990 |
||
| 650 |
_aEcología _xMétodos estadísticos _935157 |
||
| 650 |
_aEcology _xStatistical methods _9159832 |
||
| 650 |
_aMultivariate analysis _9154982 |
||
| 700 |
_aSmilauer, Petr, coaut. _9159833 |
||
| 901 | _a577.0727 L47 2003 | ||
| 902 | _aA | ||
| 905 | _a5232272003 -usamn 8222223322eng16 | ||
| 942 |
_cLIBRO _2ddc |
||
| 999 |
_c176970 _d176970 |
||